[Event "Copenhagen op"]
[Site "Copenhagen"]
[Date "1988.??.??"]
[Round "?"]
[White "Kaspersen, Morten"]
[Black "Jacobsen, Bo"]
[Result "0-1"]
[WhiteElo "2250"]
[BlackElo "2280"]

1.d4 Nf6 2.c4 g6 3.Nc3 Bg7 4.e4 d6 5.Nf3 O-O 6.Be2 e5 7.O-O Nc6 8.Be3 Ng4
9.Bg5 f6 10.Bh4 Nh6 11.dxe5 dxe5 12.c5 Qe7 13.Nd5 Qf7 14.b4 Be6 15.b5 Nd4
16.Nxd4 exd4 17.Qc2 f5 18.Nf4 Kh8 19.Nxe6 Qxe6 20.Bd3 fxe4 21.Bxe4 d3 22.Qxd3 Bxa1
23.Rxa1 Qe5 24.Re1 Nf5 25.f4 Qxf4 26.Bf2 h5 27.g3 Qg5 28.Bxb7 Rad8 29.Qc3+ Kh7
30.Re2 Rd1+ 31.Kg2 Nh4+  0-1

[Event "Dieren op"]
[Site "Dieren"]
[Date "1988.??.??"]
[Round "5"]
[White "Caessens, Rob"]
[Black "Blees, Albert"]
[Result "1/2-1/2"]
[WhiteElo "2225"]
[BlackElo "2350"]

1.d4 Nf6 2.c4 g6 3.Nc3 Bg7 4.e4 d6 5.Nf3 O-O 6.Be2 e5 7.O-O Nc6 8.Be3 Re8
9.dxe5 dxe5 10.Qxd8 Rxd8 11.Nd5 Ne8 12.h3 Be6 13.Rfd1 Nd4 14.Nxd4 exd4 15.Bg5 f6
16.Bd2 Bf7 17.Bd3 c6 18.Nf4 a5 19.Rdc1 Bf8 20.c5 g5 21.Ne2 Nc7 22.a3 a4 23.Ng3 Na6
24.Bb4 Nxb4 25.axb4 Bb3 26.Nf1 Rdb8 27.Nd2  1/2-1/2

[Event "Eger op"]
[Site "Eger"]
[Date "1988.??.??"]
[Round "?"]
[White "Butnorius, Algimantas"]
[Black "Roeder, Mathias"]
[Result "1-0"]
[WhiteElo "2420"]
[BlackElo "2330"]

1.Nf3 Nf6 2.c4 g6 3.Nc3 Bg7 4.e4 d6 5.d4 O-O 6.Be2 e5 7.O-O Nc6 8.d5 Ne7
9.Bd2 Ne8 10.Rc1 f5 11.Ng5 c5 12.exf5 gxf5 13.f4 Ng6 14.Nh3 Kh8 15.Be3 b6
16.Qd2 Nf6 17.fxe5 dxe5 18.Bg5 Bd7 19.Rce1 Qe8 20.Kh1 Qf7 21.Bd3 Ng4 22.Nf2 f4
23.Nxg4 Bxg4 24.d6 Bd7 25.Nd5 h6 26.Qe2 Kh7  1-0

[Event "Espoo"]
[Site "Espoo"]
[Date "1988.??.??"]
[Round "1"]
[White "Welin, Thomas"]
[Black "Hazai, Laszlo"]
[Result "1/2-1/2"]
[WhiteElo "2410"]
[BlackElo "2440"]

1.Nf3 Nf6 2.c4 g6 3.Nc3 Bg7 4.e4 d6 5.d4 O-O 6.Be2 e5 7.O-O Nc6 8.d5 Ne7
9.b4 Nh5 10.c5 f5 11.Nd2 Nf4 12.f3 g5 13.Nc4 Neg6 14.cxd6 cxd6 15.exf5 Nxe2+
16.Qxe2 Nf4 17.Bxf4 exf4 18.Rac1 Bxc3 19.Rxc3 Bxf5 20.Qd2 Qf6  1/2-1/2

[Event "Espoo"]
[Site "Espoo"]
[Date "1988.??.??"]
[Round "6"]
[White "Pyhala, Antti"]
[Black "Hazai, Laszlo"]
[Result "0-1"]
[WhiteElo "2360"]
[BlackElo "2440"]

1.d4 Nf6 2.c4 g6 3.Nc3 Bg7 4.e4 d6 5.Nf3 O-O 6.Be2 e5 7.O-O Nc6 8.d5 Ne7
9.Ne1 Nd7 10.Be3 f5 11.f3 f4 12.Bf2 g5 13.Nb5 b6 14.b4 a6 15.Nc3 Ng6 16.Nd3 Nf6
17.c5 h5 18.cxb6 cxb6 19.b5 g4 20.bxa6 g3 21.hxg3 fxg3 22.Bxg3 h4 23.Bf2 Nh5
24.Rb1 Qg5 25.Bxb6 Ngf4 26.Nxf4 Nxf4 27.Rf2 Nh3+ 28.Kf1 Nxf2 29.Bxf2 Bxa6
30.Bxa6 Rxa6 31.a4 Qh6 32.Qd3 Raa8 33.Rb6 Rf6 34.Ke2 Qg5 35.Nb5 Qxg2 36.Nxd6 Raf8
37.Rb3  0-1

[Event "Frankfurt"]
[Site "Frankfurt"]
[Date "1988.??.??"]
[Round "2"]
[White "Roeschlau, Bernd"]
[Black "Degenhardt, Horst"]
[Result "1/2-1/2"]
[WhiteElo "2250"]
[BlackElo "2270"]

1.d4 Nf6 2.c4 g6 3.Nc3 Bg7 4.e4 O-O 5.Nf3 d6 6.Be2 e5 7.O-O Nc6 8.d5 Ne7
9.Nd2 a5 10.b3 Nd7 11.Ba3 f5 12.b4 Bh6 13.bxa5 Bxd2 14.Qxd2 Rxa5 15.Bb4 Ra8
16.exf5 gxf5 17.f4 exf4 18.Rxf4 Ng6 19.Rf2 b6 20.Nb5 Nde5 21.Rc1 Rf7 22.g3 Qf8
23.Rc3 Qg7 24.Kh1 Ng4 25.Rf1 N6e5 26.Nd4 Bd7 27.Ne6 Bxe6 28.dxe6 Rf6 29.h3 Nh6
30.Bh5  1/2-1/2

[Event "Frankfurt"]
[Site "Frankfurt"]
[Date "1988.??.??"]
[Round "11"]
[White "Sinkovics, Peter"]
[Black "Timpel, Klaus"]
[Result "0-1"]
[WhiteElo "2310"]
[BlackElo "2335"]

1.d4 g6 2.c4 Bg7 3.e4 d6 4.Nf3 Nf6 5.Nc3 O-O 6.Be2 e5 7.O-O Nc6 8.d5 Ne7
9.Nd2 a5 10.Rb1 c5 11.a3 Ne8 12.b4 axb4 13.axb4 b6 14.Qc2 f5 15.f3 Nf6 16.bxc5 bxc5
17.Nb3 Kh8 18.Bd2 Neg8 19.Ra1 Rxa1 20.Rxa1 Nh5 21.Qc1 Nf4 22.Bf1 fxe4 23.Nxe4 Nf6
24.Ba5 Qe7 25.Nbd2 Bf5 26.Qb2 Bh6 27.Bc3 Bxe4 28.Nxe4 Nxe4 29.fxe4 Qg5 30.Kh1 Nh5
31.Re1 Qh4 32.Kg1 Bf4 33.g3 Bxg3 34.hxg3 Qxg3+ 35.Bg2 Nf4 36.Bxe5+ dxe5 37.Ra1 Nh3+
38.Kh1 Nf2+ 39.Kg1 Ng4  0-1

[Event "Frankfurt"]
[Site "Frankfurt"]
[Date "1988.??.??"]
[Round "12"]
[White "Sinkovics, Peter"]
[Black "Degenhardt, Horst"]
[Result "0-1"]
[WhiteElo "2310"]
[BlackElo "2270"]

1.d4 Nf6 2.Nf3 g6 3.c4 Bg7 4.Nc3 O-O 5.e4 d6 6.Be2 e5 7.O-O Nc6 8.d5 Ne7
9.Nd2 c5 10.Rb1 Ne8 11.b4 b6 12.bxc5 bxc5 13.Nb3 f5 14.Bg5 Kh8 15.Bxe7 Qxe7
16.Na5 Nf6 17.Nc6 Qf7 18.Bf3 g5 19.Nb5 Qd7 20.exf5 e4 21.Be2 g4 22.Bxg4 a6
23.Na3 Nxg4 24.Qxg4 Qc7 25.Rb3 Bxf5 26.Qe2 Rae8 27.Nc2 Qf7 28.Ne3 Bc8 29.Rd1 Qg6
30.Na7 Bd7 31.Rb7 Rf7 32.Qd2 Ref8 33.Rf1 Bd4 34.Nc6 Bxe3 35.Qxe3 Bh3 36.Qc3+ Kg8
37.Qxh3 Rxb7 38.Qh4 Re8 39.Re1 Rg7 40.g3 Rd7 41.Re3 Kh8 42.Rb3 Qf5 43.Qh6 Rf7
44.Qd2 Ref8 45.Rb2 Qf3 46.Rc2 Rb7 47.Qc1 Qd3 48.Kg2 Qf3+ 49.Kg1 Qd3 50.Rb2 e3
51.fxe3 Rbf7 52.Kg2 Rf1 53.Qc2 Rg1+ 54.Kh3 Qf1+ 55.Kh4 Qf6+ 56.Kh3 Qf1+ 57.Kh4 Qf6+
58.Kh3 Qh6+ 59.Kg4 Rg8+ 60.Kf3 Rf8+ 61.Kg4 Rg8+ 62.Kf3 Qh5+  0-1

[Event "Frunze"]
[Site "Frunze"]
[Date "1988.??.??"]
[Round "?"]
[White "Neverov, Valeriy"]
[Black "Timoshchenko, Gennadi A"]
[Result "1-0"]
[WhiteElo "2440"]
[BlackElo "2455"]

1.d4 Nf6 2.c4 g6 3.Nc3 Bg7 4.e4 d6 5.Nf3 O-O 6.Be2 e5 7.O-O Nc6 8.d5 Ne7
9.Ne1 Nd7 10.Nd3 f5 11.Bd2 Nf6 12.f3 f4 13.c5 g5 14.cxd6 cxd6 15.Nf2 Rf7
16.Qc2 Ng6 17.Rfc1 Ne8 18.Qd1 h5 19.h3 Bf8 20.a4 Rg7 21.Nb5 Nh4 22.Rc3 a6
23.Na3 Nf6 24.Be1 Bd7 25.Nc4 Rc8 26.a5 Bb5 27.Rac1 Rcc7 28.Nb6 Bxe2 29.Qxe2 Ne8
30.Nd3 Ng6 31.Bf2 Ne7 32.Kf1 Nc8 33.Nc4 Qd7 34.Bb6 Nxb6 35.axb6 Rxc4 36.Rxc4 g4
37.fxg4 hxg4 38.hxg4 Be7 39.Rc8 Kf7 40.Rb8 Rh7 41.Nf2 Bh4 42.Nh3 Kg6 43.b3 Bg3
44.Kg1 a5 45.Rcc8 Rh8 46.Qd3 Qf7 47.Qf3  1-0

[Event "Arnold Cup"]
[Site "Gausdal"]
[Date "1988.??.??"]
[Round "?"]
[White "Riemersma, Liafbern"]
[Black "Watson, William N"]
[Result "0-1"]
[WhiteElo "2420"]
[BlackElo "2535"]

1.d4 Nf6 2.c4 g6 3.Nc3 Bg7 4.e4 d6 5.Be2 O-O 6.Nf3 e5 7.O-O Nc6 8.d5 Ne7
9.Ne1 Nd7 10.f3 f5 11.Be3 f4 12.Bf2 g5 13.Nb5 Nf6 14.Nxa7 Bd7 15.c5 Rxa7
16.cxd6 Nc8 17.dxc7 Qxc7 18.Bxa7 Nxa7 19.Qb3 Qc5+ 20.Kh1 Nh5 21.d6+ Kh8 22.Qa3 Qb6
23.Rc1 Nc6 24.Qc5 Qd8 25.Kg1 Rf6 26.Bb5 b6 27.Qa3 Nd4 28.Bxd7 Ne2+ 29.Kf2 Nxc1
30.Bg4 Qxd6 31.Qxd6 Rxd6 32.Bxh5 Bf8 33.Bf7 Rd7 34.Nc2 Rd2+  0-1

[Event "Geneve op"]
[Site "Geneve"]
[Date "1988.??.??"]
[Round "?"]
[White "Lerner, Konstantin Z"]
[Black "Renet, Olivier"]
[Result "1-0"]
[WhiteElo "2515"]
[BlackElo "2460"]

1.Nf3 Nf6 2.c4 g6 3.Nc3 Bg7 4.e4 d6 5.d4 O-O 6.Be2 e5 7.O-O Nc6 8.d5 Ne7
9.Nd2 c5 10.Rb1 Ne8 11.b4 b6 12.bxc5 bxc5 13.Nb3 a5 14.a4 Nc7 15.Nxc5 dxc5
16.d6 Ne6 17.dxe7 Qxe7 18.Nd5 Qa7 19.Be3 Nd4 20.Bxd4 exd4 21.f4 Be6 22.Kh1 Rab8
23.Qc2 Qd7 24.Rb5 Rxb5 25.axb5 Re8 26.Bd3 f5 27.e5 Kh8 28.Nb6 Qc7 29.Na4 g5
30.g4 fxg4 31.f5 Bc8 32.e6 Qe5 33.Be4 Bf6 34.Bd5 Rd8 35.Nb6 g3 36.Nxc8 Rxc8
37.b6 Rb8 38.b7 a4 39.Qxa4 Qe2 40.Bg2 d3 41.Qa8 Qe5 42.Qa2 Qe3 43.Rd1 Bc3
44.Qa8 Be5 45.e7 Bf4 46.Qa1+ Be5 47.Re1 Bxa1 48.Rxe3  1-0

[Event "Geneve"]
[Site "Geneve"]
[Date "1988.??.??"]
[Round "?"]
[White "Zueger, Beat"]
[Black "Cvitan, Ognjen"]
[Result "0-1"]
[WhiteElo "2445"]
[BlackElo "2500"]

1.d4 Nf6 2.c4 g6 3.Nc3 Bg7 4.e4 d6 5.Nf3 O-O 6.Be2 e5 7.O-O Nc6 8.d5 Ne7
9.Ne1 Nd7 10.Be3 f5 11.f3 f4 12.Bf2 g5 13.Nb5 b6 14.a4 a5 15.b4 axb4 16.Nd3 Nc5
17.Nxb4 g4 18.a5 g3 19.hxg3 fxg3 20.Bxg3 Rxa5 21.Rxa5 bxa5 22.Nd3 Nxd3 23.Qxd3 Ng6
24.Qd2 Bd7 25.Ra1 Nf4 26.Bxf4 exf4 27.Rxa5 Be5 28.Bf1 Qf6 29.Ra4 Rb8 30.Kf2 Kf7
31.Ra3 Bxb5 32.cxb5 Bd4+ 33.Ke1 Ra8 34.Rxa8 Bc3 35.Ra2 Qd4 36.Qxc3 Qxc3+
37.Rd2 Qc1+ 38.Rd1 Qc3+ 39.Rd2 Qc1+ 40.Rd1 Qe3+ 41.Be2 Kf6 42.Rd3 Qg1+ 43.Bf1 Qc5
44.Rd2 Qc1+ 45.Rd1 Qe3+ 46.Be2 Kg5 47.Rd2 Qg1+ 48.Bf1 Kh4 49.Rc2 Kg3 50.Rd2 h5
51.Rc2 h4 52.Rd2 Qa7  0-1

[Event "Bundesliga 8788"]
[Site "Germany"]
[Date "1988.??.??"]
[Round "?"]
[White "Federau, Juergen"]
[Black "Heim, Bernhard"]
[Result "1-0"]
[WhiteElo "2230"]
[BlackElo "2215"]

1.d4 Nf6 2.c4 g6 3.Nc3 Bg7 4.e4 d6 5.Nf3 O-O 6.Be2 e5 7.O-O Nc6 8.d5 Ne7
9.Ne1 Nd7 10.f3 f5 11.Be3 f4 12.Bf2 g5 13.a4 h5 14.Nb5 Nf6 15.Nxa7 Rxa7 16.Bxa7 g4
17.c5 Ng6 18.cxd6 cxd6 19.a5 g3 20.Bb6 Qe7 21.Rc1 Nh7 22.Kh1 Qh4 23.Bg1 Nf6
24.Rc7 Nd7 25.Qc2 Ne7 26.Bb5 Nb8 27.Nd3 Bf6 28.Rc1 Kh8 29.Rxc8 Nxc8 30.Qxc8 Rxc8
31.Rxc8+ Kg7 32.Rxb8 Kh6 33.Rxb7 Bg7 34.a6  1-0

[Event "Bundesliga 8788"]
[Site "Germany"]
[Date "1988.??.??"]
[Round "?"]
[White "Federau, Juergen"]
[Black "Klundt, Klaus"]
[Result "0-1"]
[WhiteElo "2230"]
[BlackElo "2400"]

1.d4 Nf6 2.c4 g6 3.Nc3 Bg7 4.e4 O-O 5.Nf3 d6 6.Be2 e5 7.O-O Nc6 8.d5 Ne7
9.Ne1 Nd7 10.f3 f5 11.Be3 f4 12.Bf2 g5 13.Nb5 b6 14.b4 Rf6 15.Nd3 Rh6 16.c5 a6
17.cxd6 cxd6 18.Nc3 Qe8 19.Be1 Nf6 20.Nf2 Rg6 21.Rc1 h5 22.h3 Bh6 23.Rc2 Bd7
24.a4 Rg7 25.b5 a5 26.Nb1 g4 27.fxg4 Qg6 28.Nd2 Rf8 29.Rc7 hxg4 30.Bxg4 Bxg4
31.Nxg4 Kh7 32.Nxf6+ Rxf6 33.Qf3 Qg5 34.h4 Qg6 35.Bf2 Rf8 36.Kh2 Rfg8 37.Rg1 Qf6
38.Nc4 Rg3 39.Bxg3 fxg3+ 40.Kh3 Bf4 41.Qh5+ Kg7 42.Rf1 Rh8 43.Qg4+ Kf8 44.Rxf4 exf4
45.Rb7 f3 46.gxf3 g2 47.Kxg2 Kf7 48.Kh3 Rg8  0-1

[Event "BL2-S8788"]
[Site "Germany"]
[Date "1988.??.??"]
[Round "?"]
[White "Roemer, Uli"]
[Black "Schubert, Christian"]
[Result "1-0"]
[WhiteElo "2300"]
[BlackElo "2280"]

1.d4 Nf6 2.c4 g6 3.Nc3 Bg7 4.e4 d6 5.Nf3 O-O 6.Be2 e5 7.O-O Nc6 8.d5 Ne7
9.Ne1 Nd7 10.Nd3 f5 11.Bd2 Nf6 12.f3 f4 13.c5 g5 14.Rc1 Rf7 15.cxd6 cxd6
16.Nb5 Ng6 17.Qc2 Ne8 18.a4 h5 19.Nf2 Bd7 20.Qb3 Bf8 21.Rc3 a6 22.Na3 Rb8
23.Rfc1 Rh7 24.h3 Nf6 25.Qd1 b5 26.axb5 axb5 27.Nc2 Qb6 28.Kf1 g4 29.Nb4 gxh3
30.Nxh3 h4 31.Be1 Nh5 32.Bf2 Ng3+ 33.Kg1 Qa5 34.Nc6 Bxc6 35.dxc6 b4 36.R3c2 Rc7
37.Ra1 Nxe2+ 38.Rxe2 Qb5 39.Qd5+ Kg7 40.Rc2 Ne7 41.Qxd6 Rbc8 42.Ng5 Nxc6
43.Ne6+ Kg8 44.Nxc7  1-0

[Event "BL2-W8788"]
[Site "Germany"]
[Date "1988.??.??"]
[Round "?"]
[White "Braga, Fernando"]
[Black "Westerinen, Heikki MJ"]
[Result "1/2-1/2"]
[WhiteElo "2425"]
[BlackElo "2395"]

1.d4 Nf6 2.c4 g6 3.Nc3 Bg7 4.e4 d6 5.Nf3 O-O 6.Be2 e5 7.O-O Nc6 8.d5 Ne7
9.Ne1 Nd7 10.Be3 f5 11.f3 f4 12.Bf2 g5 13.Nb5 b6 14.b4 Nf6 15.c5 g4 16.cxd6 cxd6
17.Rc1 Bh6 18.Nc7 Rb8 19.Rc2 Ng6 20.Ne6 Bxe6 21.dxe6 g3 22.hxg3 Nh5 23.gxf4 Bxf4
24.Bc4 Kh8 25.Nd3 Bg3 26.Bxg3 Nxg3 27.Re1 Qh4 28.Nf2 Rbd8 29.Rd2 Nf4 30.Rxd6 Qg5
31.Ng4 h5 32.Nxe5 Nh3+ 33.Kh2 Qxe5 34.Qa1 Qxa1 35.Rxd8 Qf6 36.Rxf8+ Qxf8
37.Kxh3 Qxb4 38.e7 Qxe7 39.Kxg3 Qc7+ 40.e5 Qxc4 41.Re4 Qxa2 42.e6 Qd5 43.e7 Qg8+
44.Kf4 Qe8 45.Re6 Kg7 46.Ke5 a5 47.Kd6 a4 48.g4 h4 49.f4 h3 50.g5 a3 51.f5 a2
52.Rg6+ Qxg6+ 53.fxg6 a1=Q 54.e8=Q Qd1+ 55.Kc7 Qc2+ 56.Kb7 Qxg6 57.Qe5+ Kh7
58.Ka6 Kg8  1/2-1/2

[Event "Groningen op"]
[Site "Groningen"]
[Date "1988.??.??"]
[Round "?"]
[White "Pliester, Leon"]
[Black "Caessens, Rob"]
[Result "0-1"]
[WhiteElo "2390"]
[BlackElo "2260"]

1.d4 Nf6 2.c4 g6 3.Nc3 Bg7 4.e4 d6 5.Be2 O-O 6.Nf3 e5 7.O-O Nc6 8.d5 Ne7
9.Ne1 Ne8 10.Nd3 f5 11.f4 exf4 12.Bxf4 fxe4 13.Nxe4 c6 14.dxc6 bxc6 15.Qd2 Nf5
16.Rae1 Nf6 17.Nc3 Be6 18.c5 dxc5 19.Nxc5 Qxd2 20.Bxd2 Bf7 21.Bd3 Ng4 22.Ne2 Rfe8
23.Bc3 Bh6 24.Nf4 Rxe1 25.Bxe1 Nfe3 26.Rf3 Ne5 27.Rxe3 Bxf4 28.Re4 Nxd3 29.Nxd3 Bg5
30.Bc3 Bxa2 31.h4 Bd5 32.Rg4 Be3+ 33.Kh1 Rf8 34.Rb4 Bb6 35.Nf4 Rf5 36.Nxd5 cxd5
37.g3 Rf7 38.Rg4 Rd7 39.h5 d4 40.Bd2 Kf7 41.hxg6+ hxg6 42.Rf4+ Ke6 43.Rg4 Kf7
44.Rf4+ Kg7 45.Kg2 Rc7 46.Kf3 Rc2 47.Bb4 Rxb2 48.Bd6 Rb3+ 49.Ke4 Re3+ 50.Kd5 d3
51.Rf2 g5 52.g4 Kg6 53.Bb4 Re2 54.Rf3 Be3 55.Bc3 d2 56.Rf6+ Kh7 57.Rf1 Bf2
58.Rd1 Be1 59.Kd4 Rg2 60.Kd3 Rg3+ 61.Kc2 Rxg4 62.Bxd2 Bxd2 63.Rxd2 Re4 64.Rd6 Re7
65.Kd2 g4 66.Rd4 g3  0-1

[Event "IND-ch"]
[Site "?"]
[Date "1988.??.??"]
[Round "?"]
[White "Murugan, Krishnamoorthy"]
[Black "Gupta, Radhey S"]
[Result "1-0"]
[WhiteElo "2325"]
[BlackElo "2300"]

1.d4 Nf6 2.c4 g6 3.Nc3 Bg7 4.e4 d6 5.Nf3 O-O 6.Be2 e5 7.O-O Nc6 8.d5 Ne7
9.Ne1 Ne8 10.Nd3 f5 11.f4 exf4 12.Nxf4 Nf6 13.exf5 Nxf5 14.g4 Ne7 15.Ne6 Bxe6
16.dxe6 c6 17.Be3 d5 18.g5 Ne8 19.Rxf8+ Bxf8 20.cxd5 Nf5 21.Bc1 Qb6+ 22.Kh1 cxd5
23.e7 Bxe7 24.Nxd5 Qd8 25.Bc4 Kh8 26.Qg4 b5 27.Bb3 Bd6 28.Qe4 Qb8 29.Ne3 Ne7
30.Ng4 Ng7 31.Nh6 Ngf5 32.Bd2 b4 33.Nf7+ Kg7 34.Nxd6 Qxd6 35.Rc1 Qxd2 36.Qe5+ Kf8
37.Qh8+ Ng8 38.Qxg8+ Ke7 39.Qe6+ Kd8 40.Rd1  1-0

[Event "Istanbul"]
[Site "Istanbul"]
[Date "1988.??.??"]
[Round "?"]
[White "Dumitrache, Dragos"]
[Black "Paunovic, Dragan"]
[Result "0-1"]
[WhiteElo "2405"]
[BlackElo "2400"]

1.d4 Nf6 2.c4 g6 3.Nc3 Bg7 4.e4 d6 5.Be2 O-O 6.Nf3 e5 7.O-O Nc6 8.Be3 Ng4
9.Bg5 f6 10.Bh4 g5 11.Bg3 Nh6 12.dxe5 fxe5 13.h3 Nf7 14.c5 dxc5 15.Bc4 h6
16.Qxd8 Rxd8 17.Nb5 Rd7 18.Rfd1 Re7 19.Nc3 Nd4 20.Nd5 Nxf3+ 21.gxf3 Rd7 22.h4 Kf8
23.Rac1 c6 24.Ne3 b6 25.Rxd7 Bxd7 26.Rd1 Rd8 27.Bxf7 Kxf7 28.Nf5 gxh4 29.Bxh4 Bf6
30.Nxh6+ Ke6 31.Bg3 Bc8 32.Rxd8 Bxd8 33.Ng4 Bc7 34.Kf1 Ba6+ 35.Ke1 Bd3 36.Kd2 c4
37.Ne3 b5 38.Nd1 Bb6 39.Nc3 Bd4 40.a3 a5 41.a4 b4 42.Nd1 Bb1 43.f4 Bxe4 44.fxe5 c5
45.f4 Bc6 46.Ne3 Bxe3+ 47.Kxe3 Bxa4 48.Kd2 Bd7 49.f5+ Kxf5 50.Bf2 Kxe5 51.Bxc5 Kd5
52.Bb6 a4 53.Kc1 Bf5 54.Ba5 Kc5 55.Bd8 c3 56.Be7+ Kc4 57.bxc3 bxc3  0-1

[Event "Kecskemet op"]
[Site "Kecskemet"]
[Date "1988.??.??"]
[Round "?"]
[White "Pekarek, Ales"]
[Black "Vokac, Marek"]
[Result "1-0"]
[WhiteElo "2440"]
[BlackElo "2410"]

1.d4 Nf6 2.Nf3 g6 3.c4 Bg7 4.Nc3 O-O 5.e4 d6 6.Be2 e5 7.O-O Nc6 8.d5 Ne7
9.Nd2 a5 10.a3 c5 11.Rb1 b6 12.b4 axb4 13.axb4 Ne8 14.bxc5 bxc5 15.Nb3 Kh8
16.Bd2 Ng8 17.Ra1 Rxa1 18.Qxa1 f5 19.Qa8 Nef6 20.exf5 gxf5 21.Qb8 Qd7 22.Qb6 Ne4
23.Nxe4 fxe4 24.Be3 Nf6 25.Nd2 Rg8 26.Ra1 Bf8 27.g3 Qh3 28.Qd8 Qf5 29.Ra7 Bd7
30.Bg4 Nxg4 31.Qxd7 Qh5 32.Nf1 Rg7 33.Qc8 Rg8 34.Qe6 Qg6 35.Rf7 Qh5 36.Rf5 Qg6
37.h3 Nxe3 38.Nxe3 Bh6 39.Rf6 Bxe3 40.Rxg6 Bxf2+ 41.Kxf2 Rxg6 42.Qf7 e3+
43.Ke2 Rxg3 44.Qf8+ Rg8 45.Qxd6  1-0

[Event "Kecskemet"]
[Site "Kecskemet"]
[Date "1988.??.??"]
[Round "?"]
[White "Boensch, Uwe"]
[Black "Lukacs, Peter"]
[Result "1/2-1/2"]
[WhiteElo "2510"]
[BlackElo "2465"]

1.d4 Nf6 2.c4 g6 3.Nc3 Bg7 4.e4 d6 5.Nf3 O-O 6.Be2 e5 7.O-O Nc6 8.d5 Ne7
9.Ne1 Nd7 10.Nd3 f5 11.Bd2 fxe4 12.Nxe4 Nf5 13.f3 Nf6  1/2-1/2

[Event "Kobanya op"]
[Site "Kobanya"]
[Date "1988.??.??"]
[Round "?"]
[White "Alterman, Vladimir I"]
[Black "Spycher, B."]
[Result "1-0"]
[WhiteElo "2335"]
[BlackElo "2245"]

1.d4 Nf6 2.c4 g6 3.Nc3 Bg7 4.e4 d6 5.Nf3 O-O 6.Be2 e5 7.O-O Nc6 8.d5 Ne7
9.Ne1 Nd7 10.f3 f5 11.g4 Nf6 12.h4 c5 13.Ng2 a6 14.Rb1 Bd7 15.a3 Qc8 16.Ne3 Rb8
17.a4 h5 18.exf5 gxf5 19.g5 Nh7 20.f4 exf4 21.Ng2 Ng6 22.Nxf4 Bd4+ 23.Kh2 Ne5
24.Bxh5 Nxc4 25.Bg6 Be8 26.Qh5 Bxg6 27.Qxg6+ Kh8 28.Qh6 Qe8 29.g6 Rf7 30.gxf7 Qxf7
31.Ng6+ Kg8 32.Rxf5 Qe8 33.Rh5 Nf6 34.Rg5 Kf7 35.Nf4 Qg8 36.Rxg8 Rxg8 37.Kh3 Ne5
38.Ne6 Rg4 39.Bg5 Nd3 40.Qg7+  1-0

[Event "BKL-Turnier"]
[Site "Leipzig"]
[Date "1988.??.??"]
[Round "?"]
[White "Chekhov, Valery A"]
[Black "Vogt, Lothar"]
[Result "1-0"]
[WhiteElo "2455"]
[BlackElo "2460"]

1.d4 Nf6 2.c4 g6 3.Nc3 Bg7 4.e4 d6 5.Be2 O-O 6.Nf3 e5 7.O-O Nc6 8.Be3 Ng4
9.Bg5 f6 10.Bh4 g5 11.Bg3 Nh6 12.dxe5 fxe5 13.h3 Nf7 14.Nd2 Nd4 15.Bg4 Nh8
16.Nb3 c6 17.Bxc8 Rxc8 18.Nxd4 exd4 19.Ne2 c5 20.Nc1 Be5 21.Nd3 Ng6 22.Qg4 Qe7
23.f4 gxf4 24.Bxf4 Bg7 25.Bg5 Qc7 26.h4 b5 27.b3 bxc4 28.bxc4 Rxf1+ 29.Rxf1 Rf8
30.Qe6+ Kh8 31.h5 Rxf1+ 32.Kxf1 Nf8 33.Qe7 Qd7 34.h6 Qxe7 35.Bxe7 Bxh6 36.Bxd6 Nd7
37.Bxc5 Nxc5 38.Nxc5 Kg7 39.Ke2 Kf6 40.Kd3 Be3 41.Nb3 Ke5 42.c5  1-0

[Event "BKL-Turnier"]
[Site "Leipzig"]
[Date "1988.??.??"]
[Round "?"]
[White "Gruenberg, Hans Ulrich"]
[Black "Vogt, Lothar"]
[Result "0-1"]
[WhiteElo "2465"]
[BlackElo "2460"]

1.d4 Nf6 2.c4 g6 3.Nc3 Bg7 4.e4 d6 5.Be2 O-O 6.Nf3 e5 7.O-O Nc6 8.Be3 Ng4
9.Bg5 f6 10.Bh4 g5 11.Bg3 Nh6 12.dxe5 fxe5 13.h3 Nf7 14.c5 Be6 15.cxd6 Qxd6
16.Qa4 Qb4 17.Qxb4 Nxb4 18.a3 Nc6 19.Nd5 Bxd5 20.exd5 Ne7 21.Rfd1 Nf5 22.Bh2 e4
23.Nd2 e3 24.Nf3 N7d6 25.Rab1 Rae8 26.Bxd6 cxd6 27.fxe3 Nxe3 28.Rd2 h6 29.Bb5 Re7
30.Re1 Kf7 31.Rde2 Nf5 32.Rxe7+ Nxe7 33.Bd7 Bxb2 34.Be6+ Kg7 35.Rb1 Bxa3
36.Rxb7 Kf6 37.Nd2 Bc5+ 38.Kh2 Ng6 39.Ne4+ Ke5 40.Nxc5 dxc5 41.Re7 Rf2 42.Kg1 Rd2
43.Rc7 Nf4 44.Rxc5 Rxg2+ 45.Kh1 Rd2 46.Rc4 h5 47.Ra4 Ne2 48.Bf7 g4 49.Bxh5 Ng3+
50.Kg1 gxh3 51.Rh4 Rg2+  0-1

[Event "Lienz op"]
[Site "Lienz"]
[Date "1988.??.??"]
[Round "?"]
[White "Polajzer, Danilo"]
[Black "Nickl, Klaus"]
[Result "1-0"]
[WhiteElo "2340"]
[BlackElo "2220"]

1.d4 Nf6 2.Nf3 g6 3.c4 Bg7 4.Nc3 d6 5.e4 O-O 6.Be2 e5 7.O-O Nc6 8.d5 Ne7
9.Nd2 c5 10.dxc6 bxc6 11.b4 d5 12.a4 a6 13.Ba3 d4 14.Ncb1 d3 15.Bf3 Be6 16.Qb3 Qd7
17.Bb2 Nh5 18.Qc2 Bg4 19.Bxg4 Qxg4 20.Qxd3 Qxg2+ 21.Kxg2 Nf4+ 22.Kg3 Nxd3
23.Ba3 Rfe8 24.Nc3 f5 25.f3 Kf7 26.Rfd1 Red8 27.Nb3 Bh6 28.b5 axb5 29.axb5 cxb5
30.Bxe7 Kxe7 31.Nd5+ Kf7 32.cxb5 Nf4 33.b6 Nxd5 34.Rxd5 Bf4+ 35.Kg2 Rxd5
36.exd5 Rd8 37.Ra5 Ke7 38.Rb5 Kd7 39.Nc5+ Ke7 40.b7 e4 41.Ne6 exf3+ 42.Kxf3 Bb8
43.Nxd8 Kxd8 44.Rc5  1-0

[Event "Lloyds Bank op"]
[Site "London"]
[Date "1988.??.??"]
[Round "?"]
[White "Akesson, Ralf"]
[Black "Coleman, David"]
[Result "1-0"]
[WhiteElo "2430"]
[BlackElo "2240"]

1.Nf3 Nf6 2.c4 g6 3.Nc3 Bg7 4.e4 d6 5.d4 O-O 6.Be2 e5 7.O-O Nc6 8.d5 Ne7
9.Ne1 Nd7 10.Nd3 f5 11.Bd2 Nf6 12.f3 c5 13.g4 Kh8 14.Kg2 Bd7 15.Nf2 Neg8
16.h4 Rf7 17.Rh1 fxg4 18.fxg4 Qf8 19.Be3 h6 20.Qd2 Qc8 21.g5 Ng4 22.Nxg4 Bxg4
23.gxh6 Bxh6 24.Bxh6 Bxe2 25.Nxe2 Qg4+ 26.Ng3 Rf3 27.Rh3 Kh7 28.Qg5 Rf2+
29.Kxf2 Qxh3 30.h5 Nxh6 31.Qxg6+ Kh8 32.Qxh6+ Kg8  1-0

[Event "Lugano op"]
[Site "Lugano"]
[Date "1988.??.??"]
[Round "?"]
[White "Nemet, Ivan"]
[Black "Pavlovic, Milos"]
[Result "1-0"]
[WhiteElo "2435"]
[BlackElo "2460"]

1.d4 Nf6 2.Nf3 g6 3.c4 Bg7 4.Nc3 d6 5.e4 O-O 6.Be2 e5 7.O-O Nc6 8.d5 Ne7
9.Nd2 Ne8 10.b4 f5 11.f3 f4 12.c5 g5 13.Nc4 Rf6 14.Bb2 Rg6 15.Rc1 Kh8 16.Nb5 Ng8
17.Rc2 Nh6 18.Nxc7 Qxc7 19.cxd6 Nxd6 20.Nxe5 Qb6+ 21.Kh1 Ndf7 22.Nxg6+ Qxg6
23.Bxg7+ Qxg7 24.Rc7 Qe5 25.Qa1 Qxa1 26.Rxa1 Ne5 27.Bb5 Nhf7 28.Be8 Nd6 29.Re7 Nd3
30.Bh5 Nc4 31.Kg1 Nde5 32.Re8+ Kg7 33.Rd1 Kf6 34.d6 Nb6 35.d7 Nbxd7 36.Rd6+ Kg7
37.a4 b6 38.b5 Rb8 39.h3 a6 40.Bg4 Kf7 41.Bxd7 Nxd7 42.Rh8 Ke7 43.Rc6 Nf8
44.Rc7+ Kd6 45.Rf7 Ng6 46.Rd8+ Ke6 47.Rc7 axb5 48.axb5 Ra8 49.Rdxc8 Ra5 50.Rc6+ Kd7
51.R8c7+ Kd8 52.Rxh7 Ra1+ 53.Kh2 Ne5 54.Rxb6 Kc8 55.Re6  1-0

[Event "Lvov"]
[Site "Lvov"]
[Date "1988.??.??"]
[Round "?"]
[White "Karolyi, Tibor Jr"]
[Black "Kupreichik, Viktor D"]
[Result "1-0"]
[WhiteElo "2475"]
[BlackElo "2510"]

1.d4 Nf6 2.c4 g6 3.Nc3 Bg7 4.e4 O-O 5.Nf3 d6 6.Be2 e5 7.O-O Nc6 8.d5 Ne7
9.Ne1 Nd7 10.Be3 f5 11.f3 f4 12.Bf2 g5 13.Nb5 a6 14.Na7 Rxa7 15.Bxa7 b6 16.b4 Bb7
17.c5 dxc5 18.Rc1 cxb4 19.d6 cxd6 20.Qxd6 Rf6 21.Qc7 Qc8 22.Nd3 Rc6 23.Rxc6 Nxc6
24.Qxc8+ Bxc8 25.Rc1 Nxa7 26.Rc7 Nf6 27.Rxa7 Be6 28.Rxa6 Nd7 29.Nxb4 Bf8
30.Nd3 Kf7 31.Bd1 Nc5 32.Nxe5+ Kf6 33.Ra8 Bd6 34.Nc6 Nd3 35.Bb3 Bc5+ 36.Kf1 Bd7
37.Bd5 g4 38.Ra7 Bxc6 39.Bxc6 gxf3 40.e5+ Nxe5 41.Bxf3 h6 42.Ke2 Bg1 43.h3 Kf5
44.Ra8 Bc5 45.Rg8 Bb4 46.Kd1 Bc5 47.Kc2 Nc4 48.Rh8 Kg5 49.Kd3 Nd6 50.Be4 Nf7
51.Rg8+ Kf6 52.Kc4 Ke5 53.Re8+ Kd6 54.Bf3 Be3 55.Kb5 Kd7 56.Bc6+ Kd6 57.Rg8 Ke6
58.Bf3 Kf6 59.a4 Nd6+ 60.Ka6 Nc4 61.Rb8 Nd6 62.Rxb6  1-0

[Event "URS-ch sf"]
[Site "Minsk"]
[Date "1988.??.??"]
[Round "?"]
[White "Kveinys, Aloyzas"]
[Black "Dydyshko, Viacheslav"]
[Result "1-0"]
[WhiteElo "2345"]
[BlackElo "2470"]

1.d4 Nf6 2.c4 g6 3.Nc3 Bg7 4.e4 d6 5.Nf3 O-O 6.Be2 e5 7.O-O Nc6 8.d5 Ne7
9.Nd2 a5 10.Rb1 Bd7 11.b3 Ne8 12.a3 f5 13.b4 axb4 14.axb4 fxe4 15.Ndxe4 Nf5
16.c5 Qe7 17.Bb5 Bc8 18.Bg5 Nf6 19.Ra1 Rxa1 20.Qxa1 Qf7 21.Bxf6 Bxf6 22.Qa5 Kg7
23.Nxf6 Kxf6 24.cxd6 Nxd6 25.f4 e4 26.Nxe4+ Kg7 27.Qa1+ Kg8 28.Nxd6 cxd6
29.Qd4 Qe7 30.Bd3 Re8 31.Rc1 Bd7 32.b5 Rc8 33.Ra1 Rc5 34.b6 Kf7 35.h3 Qf6
36.Qxf6+ Kxf6 37.Ra7 Rxd5 38.Rxb7 Bc6 39.Rc7 Rxd3 40.Rxc6 Ke6 41.Rc8 Rb3
42.Rb8 Kd5 43.Kh2 h5 44.Rg8 Ke4 45.Rxg6 d5 46.Rg8 d4 47.Rb8 d3 48.b7 d2 49.Rd8 Rxb7
50.Rxd2 Kxf4 51.Rd5 Rh7 52.h4 Kg4 53.g3 Kf3 54.Kh3 Ke4 55.Ra5 Kf3 56.Ra4 Rh8
57.Rf4+ Ke3 58.Kg2 Rh7 59.Ra4 Rh8 60.g4 hxg4 61.Kg3 Rh7 62.Ra5 Ke4 63.h5 Rh8
64.Kxg4 Rg8+ 65.Rg5 Rh8 66.Rg7 Ke5 67.Kg5 Ke6 68.h6  1-0

[Event "Moscow-ch"]
[Site "Moscow"]
[Date "1988.??.??"]
[Round "?"]
[White "Ageichenko, Genadi A"]
[Black "Gavrilov, Alexei"]
[Result "0-1"]
[WhiteElo "2385"]
[BlackElo "2405"]

1.d4 Nf6 2.c4 g6 3.Nc3 Bg7 4.e4 d6 5.Nf3 O-O 6.Be2 e5 7.O-O Nc6 8.d5 Ne7
9.Ne1 Nd7 10.Nd3 f5 11.f3 f4 12.Bd2 g5 13.b4 Ng6 14.c5 Nf6 15.Rc1 Rf7 16.cxd6 cxd6
17.Nf2 h5 18.a4 Bf8 19.h3 Rg7 20.Nb5 Nh4 21.Be1 a6 22.Na3 Bd7 23.a5 b5 24.axb6 Qxb6
25.Nc4 Qa7 26.Kh2 g4 27.fxg4 hxg4 28.hxg4 Be7 29.Rc3 Rc8 30.Rh3 Rxc4 31.Bxc4 Nxg4+
32.Nxg4 Bxg4 33.Qd3 Nxg2 34.Bf2 Qd7 35.Rh6 Bg5 36.Re6 f3 37.Rh1 Bf4+ 38.Kg1 Bxe6
39.dxe6 Ne3+ 40.Bg3 Rxg3+ 41.Kf2 Qa7 42.e7+ Nxc4+ 43.Kf1 Ne3+ 44.Qxe3 Qxe7
45.Qb6 Kg7 46.Qb8 Bh6 47.b5 Qf7 48.bxa6 Qc4+  0-1